000 00681nam a2200289Ia 4500
005 20260324130801.0
008 008 260324s9999 xx 000 0 eng d
020 _a9781315603995
037 _aEBOOK
040 _aCRL
040 _beng
040 _cCRL
041 _2eng
041 _aeng
084 _qCRL
100 _aAnna Case-Winters
_91183076
245 0 _aReconstructing a Christian Theology of Nature
245 0 _bDown to Earth
260 _bTaylor and Francis
260 _c2007
365 _a
365 _b240
856 _uhttp://www.taylorfrancis.com/books/9781315603995
942 _cEBOOK
999 _c1779569
_d1779569